000 00382nam a2200133Ia 4500
008 231129s1997||||xx |||||||||||||| ||spa||
040 _bspa
082 _a368.409861 C718
100 _aColombia. Ministerio de Trabajo y Seguridad Social
245 0 _aDesarrollo juridico del sistema general de riesgos profesionales
260 _c1997
264 _aEl Ministerio
942 _2ddc
_cBKS
999 _c9044
_d9044